<?xml version="1.0" encoding="UTF-8"?>
<record
    xmlns:xsi="http://www.w3.org/2001/XMLSchema-instance"
    xsi:schemaLocation="http://www.loc.gov/MARC21/slim http://www.loc.gov/standards/marcxml/schema/MARC21slim.xsd"
    xmlns="http://www.loc.gov/MARC21/slim">

  <leader>01597nam0a2200373   4500</leader>
  <controlfield tag="001">RU\NLR\bibl\217992</controlfield>
  <controlfield tag="005">20250619103218.0</controlfield>
  <datafield tag="010" ind1=" " ind2=" ">
    <subfield code="a">5-09-002428-6</subfield>
    <subfield code="9">1000</subfield>
  </datafield>
  <datafield tag="021" ind1=" " ind2=" ">
    <subfield code="a">RU</subfield>
    <subfield code="b">2001-17722</subfield>
    <subfield code="9">821</subfield>
  </datafield>
  <datafield tag="035" ind1=" " ind2=" ">
    <subfield code="a">(NLR Aleph) 000214078</subfield>
  </datafield>
  <datafield tag="090" ind1=" " ind2=" ">
    <subfield code="a">1243183</subfield>
    <subfield code="c">1243183</subfield>
  </datafield>
  <datafield tag="100" ind1=" " ind2=" ">
    <subfield code="a">20020110d2000    |||y0rusy50      ca</subfield>
  </datafield>
  <datafield tag="101" ind1="0" ind2=" ">
    <subfield code="a">rus</subfield>
  </datafield>
  <datafield tag="102" ind1=" " ind2=" ">
    <subfield code="a">RU</subfield>
  </datafield>
  <datafield tag="105" ind1=" " ind2=" ">
    <subfield code="a">y   |||||||||</subfield>
  </datafield>
  <datafield tag="200" ind1="1" ind2=" ">
    <subfield code="a">&#x421;&#x43B;&#x43E;&#x432;&#x430;&#x440;&#x44C; &#x43C;&#x430;&#x43D;&#x441;&#x438;&#x439;&#x441;&#x43A;&#x43E;-&#x440;&#x443;&#x441;&#x441;&#x43A;&#x438;&#x439; &#x438; &#x440;&#x443;&#x441;&#x441;&#x43A;&#x43E;-&#x43C;&#x430;&#x43D;&#x441;&#x438;&#x439;&#x441;&#x43A;&#x438;&#x439;</subfield>
    <subfield code="e">&#x41E;&#x43A;. 4 000 &#x441;&#x43B;&#x43E;&#x432;</subfield>
    <subfield code="e">&#x41F;&#x43E;&#x441;&#x43E;&#x431;&#x438;&#x435; &#x434;&#x43B;&#x44F; &#x443;&#x447;&#x430;&#x449;&#x438;&#x445;&#x441;&#x44F; &#x43D;&#x430;&#x447;. &#x448;&#x43A;.</subfield>
    <subfield code="f">&#x415;.&#x418;. &#x420;&#x43E;&#x43C;&#x431;&#x430;&#x43D;&#x434;&#x435;&#x435;&#x432;&#x430;, &#x415;.&#x410;. &#x41A;&#x443;&#x437;&#x430;&#x43A;&#x43E;&#x432;&#x430;</subfield>
  </datafield>
  <datafield tag="205" ind1=" " ind2=" ">
    <subfield code="a">2-&#x435; &#x438;&#x437;&#x434;., &#x43F;&#x435;&#x440;&#x435;&#x440;&#x430;&#x431;.</subfield>
  </datafield>
  <datafield tag="210" ind1=" " ind2=" ">
    <subfield code="a">&#x421;&#x41F;&#x431;.</subfield>
    <subfield code="c">&#x41E;&#x442;&#x434;-&#x435; &#x438;&#x437;&#x434;-&#x432;&#x430; "&#x41F;&#x440;&#x43E;&#x441;&#x432;&#x435;&#x449;&#x435;&#x43D;&#x438;&#x435;"</subfield>
    <subfield code="d">2000</subfield>
  </datafield>
  <datafield tag="215" ind1=" " ind2=" ">
    <subfield code="a">253,[2] c.</subfield>
    <subfield code="d">21</subfield>
  </datafield>
  <datafield tag="225" ind1="1" ind2=" ">
    <subfield code="a">&#x42F;&#x437;&#x44B;&#x43A;&#x438; &#x43D;&#x430;&#x440;&#x43E;&#x434;&#x43E;&#x432; &#x421;&#x435;&#x432;&#x435;&#x440;&#x430;, &#x421;&#x438;&#x431;&#x438;&#x440;&#x438; &#x438; &#x414;&#x430;&#x43B;&#x44C;&#x43D;&#x435;&#x433;&#x43E; &#x412;&#x43E;&#x441;&#x442;&#x43E;&#x43A;&#x430;</subfield>
  </datafield>
  <datafield tag="300" ind1=" " ind2=" ">
    <subfield code="a">&#x41D;&#x430; &#x43E;&#x431;&#x43B;. &#x430;&#x432;&#x442;. &#x43D;&#x435; &#x443;&#x43A;&#x430;&#x437;&#x430;&#x43D;&#x44B;</subfield>
  </datafield>
  <datafield tag="606" ind1="0" ind2=" ">
    <subfield code="a">&#x41C;&#x430;&#x43D;&#x441;&#x438;&#x439;&#x441;&#x43A;&#x438;&#x439; &#x44F;&#x437;&#x44B;&#x43A;</subfield>
    <subfield code="x">&#x421;&#x43B;&#x43E;&#x432;&#x430;&#x440;&#x438;</subfield>
    <subfield code="x">&#x420;&#x443;&#x441;&#x441;&#x43A;&#x438;&#x439; &#x44F;&#x437;&#x44B;&#x43A;</subfield>
    <subfield code="9">1589891</subfield>
    <subfield code="3">RU\NLR\auth\66698658</subfield>
  </datafield>
  <datafield tag="606" ind1="0" ind2=" ">
    <subfield code="a">&#x420;&#x443;&#x441;&#x441;&#x43A;&#x438;&#x439; &#x44F;&#x437;&#x44B;&#x43A;</subfield>
    <subfield code="x">&#x421;&#x43B;&#x43E;&#x432;&#x430;&#x440;&#x438;</subfield>
    <subfield code="x">&#x41C;&#x430;&#x43D;&#x441;&#x438;&#x439;&#x441;&#x43A;&#x438;&#x439; &#x44F;&#x437;&#x44B;&#x43A;</subfield>
    <subfield code="9">1589882</subfield>
    <subfield code="3">RU\NLR\auth\66698653</subfield>
  </datafield>
  <datafield tag="686" ind1=" " ind2=" ">
    <subfield code="a">&#x428;166.511-491&#x43F;&#x435;&#x440;&#x435;&#x432;</subfield>
  </datafield>
  <datafield tag="686" ind1=" " ind2=" ">
    <subfield code="a">&#x428;141.12-491&#x43F;&#x435;&#x440;&#x435;&#x432;</subfield>
  </datafield>
  <datafield tag="700" ind1=" " ind2="1">
    <subfield code="a">&#x420;&#x43E;&#x43C;&#x431;&#x430;&#x43D;&#x434;&#x435;&#x435;&#x432;&#x430;</subfield>
    <subfield code="b">&#x415;. &#x418;.</subfield>
    <subfield code="g">&#x415;&#x432;&#x434;&#x43E;&#x43A;&#x438;&#x44F; &#x418;&#x432;&#x430;&#x43D;&#x43E;&#x432;&#x43D;&#x430;</subfield>
    <subfield code="4">070</subfield>
  </datafield>
  <datafield tag="701" ind1=" " ind2="1">
    <subfield code="a">&#x41A;&#x443;&#x437;&#x430;&#x43A;&#x43E;&#x432;&#x430;</subfield>
    <subfield code="b">&#x415;. &#x410;.</subfield>
    <subfield code="g">&#x415;&#x432;&#x434;&#x43E;&#x43A;&#x438;&#x44F; &#x410;&#x43B;&#x435;&#x43A;&#x441;&#x430;&#x43D;&#x434;&#x440;&#x43E;&#x432;&#x43D;&#x430;</subfield>
    <subfield code="4">070</subfield>
  </datafield>
  <datafield tag="801" ind1=" " ind2="0">
    <subfield code="a">RU</subfield>
    <subfield code="b">NLR</subfield>
    <subfield code="c">20020110</subfield>
    <subfield code="g">PSBO</subfield>
  </datafield>
  <datafield tag="801" ind1=" " ind2="1">
    <subfield code="a">RU</subfield>
    <subfield code="b">NLR</subfield>
    <subfield code="c">20020110</subfield>
  </datafield>
  <datafield tag="852" ind1=" " ind2=" ">
    <subfield code="a">NLR</subfield>
    <subfield code="b">&#x41E;&#x41D;&#x41B;</subfield>
    <subfield code="j">&#x41C;&#x430;&#x43D;&#x441;./3-102</subfield>
  </datafield>
  <datafield tag="942" ind1=" " ind2=" ">
    <subfield code="c">BOOK</subfield>
  </datafield>
  <datafield tag="980" ind1=" " ind2=" ">
    <subfield code="a">NB</subfield>
  </datafield>
  <datafield tag="995" ind1=" " ind2=" ">
    <subfield code="5">2002-01-10</subfield>
    <subfield code="a">ad</subfield>
    <subfield code="b">NLR01</subfield>
    <subfield code="c">NLR01</subfield>
    <subfield code="e">ONL</subfield>
    <subfield code="f">206480</subfield>
    <subfield code="k">&#x41E;&#x41D;&#x41B; &#x41C;&#x430;&#x43D;&#x441;./3-102</subfield>
    <subfield code="o">0</subfield>
    <subfield code="r">BOOK</subfield>
    <subfield code="s">_3102</subfield>
  </datafield>
  <datafield tag="995" ind1=" " ind2=" ">
    <subfield code="5">2002-01-10</subfield>
    <subfield code="a">ad</subfield>
    <subfield code="b">NLR01</subfield>
    <subfield code="c">NLR01</subfield>
    <subfield code="e">OBM</subfield>
    <subfield code="f">206493</subfield>
    <subfield code="o">0</subfield>
    <subfield code="r">BOOK</subfield>
  </datafield>
</record>
